Window in Humanity: A concise introduction to Anthropology

This book provides a carefully balanced introduction to core topics in the four subfields of general anthropology--physical anthropology, archeology, linguistics, and cultural anthropology--as well as contemporary changes in the field.

Enregistré dans:
Détails bibliographiques
Auteur principal: Conrad, Phillip Kottak
Format: Livre
Langue:Undetermined
Publié: New York McGraw-Hill 2010
Sujets:
Tags: Ajouter un tag
Pas de tags, Soyez le premier à ajouter un tag!
Thư viện lưu trữ: Trung tâm Học liệu Trường Đại học Cần Thơ
LEADER 00819nam a2200205Ia 4500
001 CTU_181479
008 210402s9999 xx 000 0 und d
082 |a 301 
082 |b C754 
100 |a Conrad, Phillip Kottak 
245 0 |a Window in Humanity: A concise introduction to Anthropology 
245 0 |c Conrad Philiip Kottak 
260 |a New York 
260 |b McGraw-Hill 
260 |c 2010 
520 |a This book provides a carefully balanced introduction to core topics in the four subfields of general anthropology--physical anthropology, archeology, linguistics, and cultural anthropology--as well as contemporary changes in the field. 
650 |a Anthropology,Nhân chủng học 
650 |x Title,Tựa đề 
904 |i ngoc huyen 
980 |a Trung tâm Học liệu Trường Đại học Cần Thơ